Statistics for Ranking Formula 1 2016

Click here to take the quiz!

General Stats

  • This quiz has been taken 74 times
  • The average score is 20 of 24

Answer Stats

RankDriverTeamPointsCountry% Correct
3Daniel RicciardoRed Bull256Australia
100%
10Fernando AlonsoMcLaren54Spain
100%
6Kimi RaikkonenFerrari186Finland
100%
2Lewis HamiltonMercedes380UK
100%
5Max VerstappenToro Rosso/Red Bull204Netherlands
100%
4Sebastian VettelFerrari212Germany
100%
7Sergio PerezForce India101Mexico
100%
1Nico RosbergMercedes385Germany
98%
9Nico HulkenbergForce India72Germany
97%
13Romain GrosjeanHaas29France
97%
8Valtteri BottasWilliams85Finland
97%
12Carlos Sainz JrToro Rosso46Spain
95%
11Felipe MassaWilliams53Brazil
95%
16Kevin MagnussenRenault7Denmark
94%
15Jenson ButtonMcLaren21UK
81%
20Stoffel VandoorneMcLaren1Belgium
81%
22Marcus EricssonSauber0Sweden
77%
23Esteban OconManor0France
76%
21Esteban GutiérrezHaas0Mexico
66%
18Jolyon PalmerRenault1UK
55%
19Pascal WehrleinManor1Germany
52%
17Felipe NasrSauber2Brazil
50%
14Daniil KvjatRed Bull/ Toro Rosso25Russia
47%
24Rio HaryantoManor0Indonesia
42%

Score Distribution

Percentile by Number Answered

Percent of People with Each Score

Your Score History

You have not taken this quiz